| 000 | 00549nam a22001817a 4500 | ||
|---|---|---|---|
| 003 | CEME | ||
| 005 | 20210628205957.0 | ||
| 008 | 210209b xxu||||| |||| 00| 0 eng d | ||
| 020 | _a0-393-03780-8 | ||
| 040 | _c. | ||
| 082 | _a355.033573 ALE | ||
| 100 |
_aAlexander, Bevin _948682 |
||
| 245 | _aThe future of warfare | ||
| 260 |
_aLAHORE _bARMY EDUCATION PRESS _c2000 |
||
| 300 | _a235P | ||
| 650 |
_aUNITED STATES-MILITARY POLICY LOW-INTENSITY CONFLICTS MILITARY SCIENCE BALANCE OF POWER GURILLA WARFARE-CASE STUDIES _977731 |
||
| 942 |
_cBK _2ddc |
||
| 999 |
_c582945 _d582945 |
||